A UK spatial planning framework (Record no. 77752)

MARC details
000 -LEADER
fixed length control field 00835cab a2200193 4500
001 - CONTROL NUMBER
control field ##L135027
008 - FIXED-LENGTH DATA ELEMENTS--GENERAL INFORMATION
fixed length control field 060726n2006 000 0 eng u
035 ## - SYSTEM CONTROL NUMBER
System control number (Sirsi) u135027
041 0# - LANGUAGE CODE
Language code of text/sound track or separate title eng
100 1# - MAIN ENTRY--PERSONAL NAME
Personal name French, Will
245 02 - TITLE STATEMENT
Title A UK spatial planning framework
Remainder of title the RTPI's uniting Britain project
260 ## - PUBLICATION, DISTRIBUTION, ETC.
Date of publication, distribution, etc. 2006
490 #0 - SERIES STATEMENT
Series statement Scottish Planner
Volume/sequential designation (112) September 2006, 8(1)
520 ## - SUMMARY, ETC.
Summary, etc. Discusses the RTPI's emphasis on the role of spatial planning since the adoption of its New Vision for Planning in 2001. Highlights the problem that the UK has no national spatial vision when compared with the rest of Europe which is important for the future when these policy visions attract trade, jobs and growth.
590 ## - LOCAL NOTE (RLIN)
Local note IKA031006
651 #4 - SUBJECT ADDED ENTRY--GEOGRAPHIC NAME
Geographic name United Kingdom
Chronological subdivision
690 ## - LOCAL SUBJECT ADDED ENTRY--TOPICAL TERM (OCLC, RLIN)
Topical term or geographic name as entry element Planning and development
9 (RLIN) 6259
942 ## - ADDED ENTRY ELEMENTS (KOHA)
Suppress in OPAC 0
Holdings
Withdrawn status Lost status Source of classification or shelving scheme Damaged status Not for loan Home library Current library Shelving location Date acquired Total Checkouts Full call number Barcode Date last seen Copy number Price effective from Koha item type
    Dewey Decimal Classification     London London Journal article 20/09/2006   E135027 135027-1001 06/08/2019 1 06/08/2019 Journal article